Dc superhero movies Quiz Stats

 Plays Quiz not verified by Sporcle

Challenge
Share
Tweet
Embed
Score 0/34 Timer 15:00
0 Plays Today
Hint % Correct
1978Superman
97.7%
1989Batman
96.2%
??Batman
96.2%
1980Superman 2
87.1%
1983Superman 3
86.4%
2008Dark knight
85.6%
2005Batman begins
82.6%
2011Green lantern
82.6%
2020Green lantern
82.6%
1997Batman and robin
81.8%
2012Dark knight rises
81.8%
2013Man of steel
81.1%
1995Batman forever
79.5%
1992Batman returns
78.8%
2017Wonder woman
75.8%
2017Justice league
72%
2018Flash
72%
Hint % Correct
2006Superman returns
68.2%
2018Aquaman
62.9%
1984Supergirl
47%
2020Cyborg
47%
2009Watchmen
45.5%
2016Suicide squad
43.9%
2019Justice league 2
40.9%
1982Swamp thing
40.2%
2016Batman v superman dawn of justice
37.1%
1984 Superman 4 quest for peace
36.4%
2019Shazam
36.4%
1997Steel
34.8%
2004Catwoman
33.3%
??Man of steel 2
33.3%
2010Jonah hex
31.1%
1989Return of the swamp thing
28%
2006V for vendetta
22%

You're not logged in!

Compare scores with friends on all Sporcle quizzes.
Join for Free
OR
Log In

You Might Also Like...

Show Comments

Extras

Created Oct 16, 2014ReportNominate
Tags:Superhero Quiz

Top Quizzes Today


Score Distribution

Your Account Isn't Verified!

In order to create a playlist on Sporcle, you need to verify the email address you used during registration. Go to your Sporcle Settings to finish the process.

Report this User

Report this user for behavior that violates our Community Guidelines.

Details: